01314nam a2200337 a 4500001001200000003000800012006001900020007001500039008004100054015001500095020001500110020002200125040002100147035002000168050002400188082001400212100002100226245014600247260005200393300001700445490003000462504005400492533015200546650001700698650003300715655002900748700002500777710001700802830003100819856012600850ebr10076694CaPaEBRm u cr cn|||||||||021021s2002 enk sb 000 0 eng  aGBA1-U7764 z0761954503 z0761954511 (PBK.) aCaPaEBRcCaPaEBR a(OCoLC)7077390114aJC311b.D394 2002eb04a306.22211 aDelanty, Gerard.10aNationalism and social theoryh[electronic resource] :bmodernity and the recalcitrance of the nation /cGerard Delanty and Patrick O'Mahony. aLondon ;aThousand Oaks, Calif. :bSAGE,c2002. axvii, 207 p.1 aNew horizons in sociology aIncludes bibliographical references (p. 188-200). aElectronic reproduction.bPalo Alto, Calif. :cebrary,d2013.nAvailable via World Wide Web.nAccess may be limited to ebrary affiliated libraries. 0aNationalism. 0aSocial sciencesxPhilosophy. 7aElectronic books.2local1 aO'Mahony, Patrick J.2 aebrary, Inc. 0aNew horizons in sociology.40uhttp://site.ebrary.com/lib/rucke/Doc?id=10076694zAn electronic book accessible through the World Wide Web; click to view